Представление документа в формате RUSMARC

ПолеНазваниеЗначение
  Тип записи a
  Библиографический уровень m
001 Контрольный номер RU\bookru\bibl\919854
003 Постоянный идентификатор записи http://www.book.ru/book/919854
005 Дата корректировки 20161026112536.9
010 Индекс ISBN __
a ISBN 978-5-406-05424-6
100 Данные общей обработки 0_
a Данные общей обработки 20160410d2017 mk y0rusy50 ca
101 Язык документа 0_
a Язык текста Русский
102 Страна публикации __
a Страна публикации RU
105 Кодированные данные (монография) __
a Кодированные данные (монография) y ||||000yy
200 Заглавие и сведения об ответственности 1_
a Заглавие Финансовые риски (для бакалавров)
210 Выходные данные __
a Место издания Москва
c Издательство КноРус
d Дата издания 2017
215 Физическое описание __
a Объем 244
330 Аннотация __
a Аннотация Главный акцент в книге сделан на получении количественных оценок тех видов финансовых рисков, которые регламентированы Базельским соглашением в банковской сфере (рыночный, кредитный, операционный). Наряду с традиционными методами расчетов рисков предлагаются способы формирования оценок, основанные на интеллектуальных технологиях, в частности, с применением искусственных нейронных сетей и нечеткой логики. Соответствует ФГОС ВО 3+. Для студентов бакалавриата, обучающихся по направлениям «Экономика» и «Менеджмент», магистрантов, аспирантов, а также специалистов по рискам в банковской и финансовой сферах
606 Тематические рубрики __
a Основная рубрика Банковское дело. Кредит
2 Код системы local
608 Указатель предметных рубрик __
a Жанр/форма Учебное пособие
2 Код системы local
675 Индекс УДК __
a Индекс УДК 336(075.8)
z Язык издания rus
686 Индексы других классификаций __
a Классификационный индекс 65.26я73
2 Код системы rubbk
700 Автор _1
a Фамилия Кричевский М.Л.
801 Источник записи _1
a Страна RU
b Организация book_ru
c Дата составления 20160410
g Правила каталогизации RCR
856 Электронный адрес документа 4_
u Универсальный указатель ресурса (URL) http://www.book.ru/book/919854
951 __
a http://www.book.ru/book/919854